| 000 | 00389nam a22001457a 4500 | ||
|---|---|---|---|
| 005 | 20171219102322.0 | ||
| 008 | 171219b xxu||||| |||| 00| 0 eng d | ||
| 040 | _cPK-LaUMT | ||
| 082 |
_aPKAC 297.8042 _bAHM-S |
||
| 100 | _aAhmad Abdullah Salamah | ||
| 245 |
_aShia and Sunni perspective on Islam/ _cAhmad Abdullah Salamah |
||
| 260 |
_a[ ] _b[ ] _c[ ] |
||
| 300 | _a140 p. | ||
| 942 | _cBK | ||
| 999 |
_c100831 _d100831 |
||